Bienvenue au Catalogue en Ligne des Bibliothèques de l'Universite du Burundi

Modélisation spatio-temporelle de la pollution de l'air (Record no. 51337)

000 -GUIDE
Champ de contrôle de longueur fixe 00997nam a22002417a 4500
003 - IDENTITÉ DU NUMÉRO DE CONTRÔLE
Champ de contrôle BI-BuBU
008 - ÉLÉMENTS DE LONGUEUR FIXE - RENSEIGNEMENTS GÉNÉRAUX
Champ de contrôle de longueur fixe 250115b2024 bd a fr|||| 000 0 fre d
037 ## - SOURCE D'ACQUISITION
Source d'acquisition et du numéro d'inventaire don de l'auteur
039 ## - NIVEAU DE CONTRÔLE BIBLIOGRAPHIQUE ET HISTORIQUE D'ENCODAGE [OBSOLETE]
Date creation 20250115143607.0
Nom catalographe Edouard Niyonkuru
040 ## - SOURCE DU CATALOGAGE
Organisme qui a effectué le catalogage original BI-BuBU
Code de la langue utilisée dans le catalogage Fre
Organisme qui a effectué la transcription BI-BuBU
Organisme qui a effectué la modification BI-BuBU
041 0# - CODE DE LANGUE
Code de langue du texte chanté ou parlé Fre
080 ## - INDICE DE LA CLASSIFICATION DÉCIMALE UNIVERSELLE (CDU)
Indice de la Classification décimale universelle 614.7
100 1# - VEDETTE PRINCIPALE - NOM DE PERSONNE
Code de relation aut
Nom de personne Irakoze, Elvis
245 1# - MENTION DU TITRE
Titre Modélisation spatio-temporelle de la pollution de l'air
Mention de responsabilité, etc. Elvis Irakoze ; Denis Nkurunziza,directeur
260 ## - PUBLICATION, DIFFUSION, ETC. (ADRESSE BIBLIOGRAPHIQUE)
Lieu de publication, diffusion, etc. Bujumbura
Nom de l'éditeur, diffuseur, etc. Universite du Burundi : Faculte des Sciences,département de la mathématique
300 1# - DESCRIPTION MATÉRIELLE
Collation XII-54 f.
Dimensions 30 cm.
500 ## - NOTE GÉNÉRALE
Note générale Mémoire présenté et défendu publiquement en vue de l'obtention du diplôme de master en Mathématique Fondementales et appliquées.<br/>Option : Mathématique Fondementale et Appliquées
650 #7 - VEDETTE-MATIÈRE - NOM COMMUN
Source du terme BI-BuBU
Vedette de sujet ou vedette comportant un nom géographique Air
Subdivision générale Pollution
-- Modélisation spacio-temporelle
655 #7 - TERME D'INDEXATION - GENRE OU FORME
Source du terme BI-BuBU
Données ou terme dominant sur le genre ou la forme mémoire
700 1# - VEDETTE SECONDAIRE - NOM DE PERSONNE
Code de relation Dir.
Nom d'auteur Denis Nkurunziza
942 ## - ÉLÉMENTS D'ENTRÉE ADDITIONNELLE (KOHA)
Source de la classification ou du système de rangement
Type d item koha Memoire
Holdings
Statut de retrait Statut de perte Source de la classification ou du système de rangement Statut de déterioration Exclu du prêt Numéro d item Koha Localisation permanente Localisation actuelle Date d'acquisition Source d'acquisition Nombre de prêts Cote Code-barres Date last seen Numéro d'exemplaire Prix en vigueur à partir du Type d item koha Numero d'inventaire
        Not For Loan 82703 Bibliothèque Centrale Bibliothèque Centrale 15/01/2025 don de l'auteur   R.614.7 IRA. 5010000480608 15/01/2025 1 15/01/2025 Memoire 240984
© 2019-2026 - Bibliothèques de l'Université du Burundi |Tous droits réservés
home | Pour toute information urgente Contactez nous | tel whatsupp: +25779204313